Reflexiones de película (Record no. 189225)

MARC details
000 -LEADER
campo de control de longitud fija 00751nam a2200205 i 4500
001 - NÚMERO DE CONTROL
campo de control 189225
003 - IDENTIFICADOR DE NÚMERO DE CONTROL
campo de control ES-MaACL
005 - FECHA Y HORA DE LA ÚLTIMA TRANSACCIÓN
campo de control 20240104173935.0
008 - DATOS DE LONGITUD FIJA--INFORMACIÓN GENERAL
campo de control de longitud fija 190429s2016 sp |||| | spa d
020 ## - NÚMERO INTERNACIONAL ESTÁNDAR DEL LIBRO
Número Internacional Estándar del Libro 978-84-946273-2-3
100 1# - ENTRADA PRINCIPAL--NOMBRE DE PERSONA
Nombre de persona Chacón Sanchidrián, Rubén.
9 (RLIN) 166913
245 10 - MENCIÓN DEL TÍTULO
Título Reflexiones de película
Resto del título : el cine como excusa para pensar /
Mención de responsabilidad, etc. Rubén Chacón Sanchidrián.
260 ## - PUBLICACIÓN, DISTRIBUCIÓN, ETC.
Lugar de publicación, distribución, etc. [Guadalajara] :
Nombre del editor, distribuidor, etc. LápizCero,
Fecha de publicación, distribución, etc. [2016]
300 ## - DESCRIPCIÓN FÍSICA
Extensión 217 p. :
Otras características físicas il. ;
Dimensiones 21 cm.
650 #4 - PUNTO DE ACCESO ADICIONAL DE MATERIA--TÉRMINO DE MATERIA
Término de materia o nombre geográfico como elemento de entrada Cine-
Subdivisión general Filosofía.
9 (RLIN) 166914
852 ## - LOCALIZACIÓN
Ubicación ES-MaACL
Número de control de estantería A-14514
itemnumber 196363
Sublocalización o colección R.152678
Ubicación en estantería Depósito 1
Signatura antigua Olim: N-7514
Donativo/Legado Donación: Rubén Chacón Sanchidrián
903 ## - NOMBRE PERSONAL DE DONANTE
9 166913
a Chacón Sanchidrián, Rubén
e Donante
942 ## - ELEMENTOS DE ENTRADA SECUNDARIOS (KOHA)
Fuente del sistema de clasificación o colocación Clasificación decimal universal
Tipo de ítem Koha Libro impreso
Holdings
Estatus retirado Estado de pérdida Fuente del sistema de clasificación o colocación Estado de daño No para préstamo Biblioteca de origen Biblioteca actual Ubicación en estantería Fecha de adquisición Fuente de adquisición Total de préstamos Signatura topográfica completa Código de barras Visto por última vez Precio de reemplazo Tipo de ítem Koha
    Clasificación decimal universal     Biblioteca del Ateneo de Madrid Biblioteca del Ateneo de Madrid Depósito 1 29/04/2019 Donación   A-14514 1200425 23/02/2023 23/02/2023 Libro impreso